00609nam a2200169Ia 4500008004100000020001800041041000800059082001800067100002400085245007300109250000600182260005200188300001300240650003500253999001900288952013200307210716s2007 xx 000 0 und d a9788120332935 aeng a658.8342 SOLM aSolomon, Michael R. aConsumer behavior: buying having and being.bBuying having and being a7 aNew DelhibPrentice Hall of India PVt Ltdc2007 axvii,654 aConstruction materials(624.18) c202641d202641 00102ddc40738MBAaAIMITbAIMITd2008-09-25g495.00l0o658.8342 SOLMpMBA05207r2025-07-21 00:00:00v396.00w2021-07-16yBK